000 00658nam a2200229Ia 4500
003 OSt
005 20220928114740.0
006 a|||||r|||| 00| 0
007 ta
008 220927b |||||||| |||| 00| 0 eng d
024 _a38273
037 _cTextual
040 _aSDCL
_cSDCL
_beng
041 _2eng
_aeng
082 _aX9(M7):545.1'N9, N5
100 _aKoshy Darlie O
_9440743
245 0 _aEffective export marketing of apparel
_b To the US,EU & Japan
260 _aDelhi
_bGlopal Business Press
_c1995
300 _ax,248p
_ccm.
942 _hX9(M7):545.1'N9, N5
_cTEXL
_2CC
999 _c756275
_d756275